000 00682cam a22002531 4500
001 sa 68017971
003 DLC
005 20260227112707.0
008 890907s1968 ce b 000 0 sino
010 _asa 68017971
035 _a(OCoLC)20310970
040 _aDLC
_cWaU
_dDLC
042 _apremarc
043 _aa-ii---
050 0 0 _aPK2916
_b.W48
100 1 _aWijayawardhana, G. Hemapala,
_d1935-
245 1 0 _aKāvya vicāra gavēṣaṇa.
260 _aColombo,
_bNikan
_c[1968]
300 _av, 184 p.
_c19 cm.
500 _aIn Sinhalese.
504 _aIncludes bibliographical references.
650 0 _aSanskrit poetry
_xHistory and criticism.
650 0 _aPoetics.
999 _c88101
_d88101